The Age of Napoleon (Record no. 932)

000 -LEADER
fixed length control field 00721nam a22002297a 4500
003 - CONTROL NUMBER IDENTIFIER
control field OSt
005 - DATE AND TIME OF LATEST TRANSACTION
control field 20210426104806.0
008 - FIXED-LENGTH DATA ELEMENTS--GENERAL INFORMATION
fixed length control field 210121s1975 ||||| |||| 00| 0 eng d
020 ## - INTERNATIONAL STANDARD BOOK NUMBER
International Standard Book Number 067121988X
040 ## - CATALOGING SOURCE
Original cataloging agency eng
Language of cataloging eng
Transcribing agency DLC
041 ## - LANGUAGE CODE
Language code of text/sound track or separate title eng
080 ## - UNIVERSAL DECIMAL CLASSIFICATION NUMBER
Universal Decimal Classification number 008
Item number D-92
100 ## - MAIN ENTRY--PERSONAL NAME
9 (RLIN) 685
Personal name Durant, Will
245 ## - TITLE STATEMENT
Title The Age of Napoleon
Remainder of title : A History of European Civilization from 1789 to 1815
Statement of responsibility, etc. / by: Simon and Schuster
260 ## - PUBLICATION, DISTRIBUTION, ETC.
Place of publication, distribution, etc. New York
Name of publisher, distributor, etc. Simon and Schuster
Date of publication, distribution, etc. 1975
300 ## - PHYSICAL DESCRIPTION
Extent 872 p.
Other physical details ill.
490 ## - SERIES STATEMENT
Materials specified The Story of Civilization
Series statement Part XI
650 #0 - SUBJECT ADDED ENTRY--TOPICAL TERM
9 (RLIN) 410
Topical term or geographic name entry element History of civilizations
653 ## - INDEX TERM--UNCONTROLLED
Uncontrolled term ცივილიზაციების ისტორია
700 ## - ADDED ENTRY--PERSONAL NAME
9 (RLIN) 686
Personal name Durant, Ariel
942 ## - ADDED ENTRY ELEMENTS (KOHA)
Source of classification or shelving scheme
Koha item type Books
Holdings
Withdrawn status Lost status Source of classification or shelving scheme Damaged status Not for loan Permanent location Current location Date acquired Inventory number Total Checkouts Full call number Barcode Date last seen Price effective from Koha item type
          Ken Walker International University Ken Walker International University 01/21/2021 2420   008 D-92 2420 01/21/2021 01/21/2021 Books

Powered by Koha